Real best 11 soccer - Statistics

General Stats
  • This quiz has been taken 13 times
  • The average score is 5 of 11
Answer Stats
Hint Answer % Correct
CB Van Dijk
70%
GK Allison
60%
LW Raphinha
60%
ST Lewandowski
50%
RW Salah
50%
CAM Cole Palmer
40%
CM Rodri
40%
CB Rudiger
40%
LB Gvardiol
30%
CM Musiala
30%
RB Alexander
20%
No matching quizzes found
Score Distribution
Percent of People with Each Score
Percentile by Number Answered
Your Score History
You have not taken this quiz